Südamerika - WM Qualifikation 2026 (schwer) - Statistiken

Allgemein
  • Dieses Quiz wurde 35 mal gespielt
  • Das Durchschnittsergebnis liegt bei 9 aus 10
Antwortstatistiken
# Pkt. Nation % Korrekt
1 38 Argentinien
100%
5 28 Brasilien
90%
2 29 Ecuador
90%
6 28 Paraguay
90%
4 28 Uruguay
90%
7 20 Bolivien
86%
3 28 Kolumbien
86%
10 11 Chile
83%
8 18 Venezuela
83%
9 12 Peru
76%
Keine übereinstimmenden Quizze gefunden
Verteilung der Resultate
Anzahl Personen mit jedem Resultat
Perzentil nach korrekt beantworteten Fragen
Ihre Resultats-Entwicklung
Sie haben dieses Quiz noch nicht gespielt